000 00785njm a22002297a 4500
005 20100903103752.0
007 sd ammalaaahaa
008 100903t xxu||||| |||| 00| 0 eng d
028 _aPOPC. 2051
_bColumbia
035 _aGR-438
040 _aSED/VEN
100 _aBrent, Tony
_918018
245 _aCindy oh cindy part 1 :
_bBarron - long /
_cby Tony Brent
_h[Sound recording] :
246 _aCindy oh cindy (Tony Brent)
260 _aDum Dum India
_bColumbia
300 _a1 sound disc [Gramophone record] :
_banalog, 33 1/3 rpm
_c10 in
_fGramophone record
500 _aBrief Record
505 _aTwo innocent hearts part 2
650 _aOrchestra
_xExcerpts
_zIndia
_918019
942 _2ddc
_cGR
999 _c43468
_d43468